[Event "Zehlendorf op"]
[Site "Berlin"]
[Date "2012.05.24"]
[Round "2"]
[White "Schubert, Johann Georg"]
[Black "Jahnz, Fabian"]
[Result "0-1"]
[WhiteElo "1938"]
[BlackElo "2221"]
[PlyCount "62"]
[EventDate "2012.05.10"]
[EventType "swiss"]
[EventRounds "7"]
[EventCountry "GER"]
[SourceTitle "EXT 2022"]
[Source "ChessBase"]
[SourceDate "2021.10.06"]
[SourceVersion "1"]
[SourceVersionDate "2021.10.06"]
[SourceQuality "1"]

1. e4 e5 2. Nf3 Nc6 3. Bb5 a6 4. Ba4 Nf6 5. 0-0 Be7 6. Re1 b5 7. Bb3 0-0 8. c3 d5 9. exd5 Nxd5 10. Nxe5 Nxe5 11. Rxe5 c6 12. d4 Bd6 13. Re1 Qh4 14. g3 Qh3 15. Re4 g5 16. Qf1 Qh5 17. Bd1 Qg6 18. Nd2 f5 19. Re1 f4 20. Qg2 g4 21. Ne4 f3 22. Qf1 Bf5 23. Bc2 Bc7 24. Bd2 Rae8 25. Qd3 Kh8 26. c4 Nf6 27. Qc3 Bxe4 28. Bb3 Qh5 29. h4 gxh3 30. cxb5 h2+ 31. Kh1 Qh3 0-1

[Event "Zehlendorf op"]
[Site "Berlin"]
[Date "2007.11.02"]
[Round "3"]
[White "Schubert, Johann Georg"]
[Black "Landt, Stefan"]
[Result "0-1"]
[WhiteElo "1830"]
[BlackElo "1547"]
[PlyCount "82"]
[EventDate "2007.10.11"]
[EventType "swiss"]
[EventRounds "7"]
[EventCountry "GER"]
[SourceTitle "EXT 2010"]
[Source "ChessBase"]
[SourceDate "2010.11.25"]
[SourceVersion "1"]
[SourceVersionDate "2010.11.25"]
[SourceQuality "1"]

1. e4 e5 2. Nf3 Nc6 3. Bb5 a6 4. Ba4 Nf6 5. 0-0 b5 6. Bb3 Be7 7. Re1 d6 8. c3 Na5 9. Bc2 c5 10. d4 Qc7 11. d5 0-0 12. Nbd2 c4 13. Nf1 Re8 14. h3 Bf8 15. g4 h6 16. g5 Nh7 17. h4 h5 18. Ng3 Bg4 19. Re3 g6 20. Qf1 f6 21. gxf6 Bh6 22. Ng5 Nxg5 23. hxg5 Bxg5 24. Re1 Bxc1 25. Raxc1 Rf8 26. Qg2 Rxf6 27. Bd1 Bxd1 28. Rcxd1 Kh7 29. Qh3 Qf7 30. Rf1 Rf8 31. Rd2 Rf3 32. Kg2 Qf4 33. Nxh5 gxh5 34. Qxh5+ Qh6 35. Qxh6+ Kxh6 36. Rh1+ Kg6 37. Rh4 Kg5 38. Rh7 R3f7 39. Rh3 Nb7 40. f3 Nc5 41. Kf2 Nxe4+ 0-1